Biblioteca

Teología reformada y desafíos contemporáneos (Registro nro. 64133)

Detalles MARC
000 -LÍDER
Campo fijo de descripción fija 01447nam a22003137i 4500
001 - NÚMERO DE CONTROL
Campo de control 768714001
003 - IDENTIFICADOR DEL NÚMERO DE CONTROL
Campo de control CO-MdFUSB
005 - FECHA Y HORA DE LA ULTIMA TRANSACCIÓN
control field 20231123152843.0
008 - ELEMENTOS DE LONGITUD FIJA -- INFORMACIÓN GENERAL
Campo fijo de descripción fija -- Información general 171129t2017 ck ||||| |||| 00| 0 spa d
020 ## - NÚMERO INTERNACIONAL NORMALIZADO PARA LIBROS
Número Internacional Normalizado del libro 9789585618404
040 ## - FUENTE DE CATALOGACIÓN
Agencia de catalogación original CO-MdFUSB
Idioma de catalogación spa
Agencia que realiza la transcripción CO-MdFUSB
Agencia que realiza la modificación CO-MdFUSBC
Convenciones de la descripción rda
041 ## - CÓDIGO DE IDIOMA
Código de idioma para texto/pista de sonido o título separado spa
082 ## - NÚMERO DE CLASIFICACIÓN DECIMAL DEWEY
Número de la edición del Dewey 23
Número de clasificación 230.42
Clave de autor-Numero de item C276t
100 1# - ASIENTO PRINCIPAL--NOMBRE PERSONAL
Nombre personal Carhuachín, César G.
Término relacionador autor
245 ## - TÍTULO
Título del Material Teología reformada y desafíos contemporáneos
Mención de responsabilidad, etc. / César CArhuachín , Milton Mejía.
264 #1 - PRODUCCIÓN, PUBLICACIÓN, DISTRIBUCIÓN, MANUFACTURA, Y COPYRIGHT
Lugar de producción, publicación, distribución, manufactura Barranquilla :
Nombre del productor, publicador, distribuidor Corporación Universitaria Reformada ;
-- Ediciones CLAI,
Fecha de producción, publicación, distribución, manufactura, o copyright [2017]
264 #4 - PRODUCCIÓN, PUBLICACIÓN, DISTRIBUCIÓN, MANUFACTURA, Y COPYRIGHT
Fecha de producción, publicación, distribución, manufactura, o copyright ©2017
300 ## - DESCRIPCIÓN FÍSICA
Extensión 219 páginas
Dimensiones ; 21 cm.
Otros detalles físicos :
336 ## - TIPO DE CONTENIDO
Fuente rdacontent
Término de tipo de contenido texto
Código de tipo de contenido txt
337 ## - TIPO DE MEDIO
Fuente rdamedia
Nombre del tipo de medio sin mediación
Código del tipo de medio n
338 ## - TIPO DE SOPORTE
Fuente rdacarrier
Nombre del tipo de soporte volumen
Código Tipo de soporte nc
490 ## - MENCIÓN DE SERIE
Mención de serie Serie 500 años de la reforma protestante
505 ## - NOTA DE CONTENIDO
Nota de contenido con formato preestablecido Aportes de la reforma a la interpretación de la biblia. César G. Carhuachín -- Aportes de la reforma a la teología. César G. Carhuachín -- Reforma, dignidad humana y derechos humanos. César G. Carhuachín -- Una aproximación a la forma de hacer teología protestante reformada. Milton Mejía -- Pentecostalismo y reforma protestante: Una perspectiva desde Latinoamérica. Miltón Mejía -- Teología reformada y pensamiento complejo. Milton Mejía
563 ## - NOTA DE ENCUADERNACIÓN
Nota de encuadernación Rústico
650 #0 - ASIENTO SECUNDARIO DE MATERIA - TERMINO TEMÁTICO
9 (RLIN) 958
Término temático o nombre geográfico como elemento de entrada Reforma de la iglesia
650 #2 - ASIENTO SECUNDARIO DE MATERIA - TERMINO TEMÁTICO
9 (RLIN) 959
Término temático o nombre geográfico como elemento de entrada Pensamiento religioso
942 ## - TIPO DE MATERIAL (KOHA)
Tipo de Item KOHA Libros General
945 ## - INFORMACIÓN LOCAL DEL REGISTRO
Catalogador JOHAN1477
Existencias
Estado de Material Estado de Perdido Forma de Clasificación Estado de Dañado No para Préstamo Biblioteca de Origen Biblioteca Permanente Fecha de Adquisición Total de Préstamos Total de Renovaciones Signatura Topográfica Código de Barras Última vez visto Última vez Préstado Ejemplar/Existencia Fecha de Remplazo Tipo de Material
    Dewey Decimal Classification     Biblioteca FUSBC Biblioteca FUSBC 29/11/2017 1 1 G 230.42 C276t 14950 02/05/2019 08/04/2019 Ej. 1 29/11/2017 Libros General

Biblioteca FUSBC | Teléfono: (57+4) 349 88 10 Ext. 141| WhatsApp (+57) 3005338115 
E-mail: biblioteca@unisbc.edu.co | Calle 76 87-14 Robledo Palenque, Medellín, Colombia

Con tecnología Koha